1.751 al 1.800. Decretos leyes dictados por la Junta de Gobierno de la República de Chile

Bewaard in:
Bibliografische gegevens
Formaat: Boek
Taal:Spaans
Gepubliceerd in: Santiago Jurídica de Chile 1977
Reeks:Textos Legales, 40
Onderwerpen:
Tags: Voeg label toe
Geen labels, Wees de eerste die dit record labelt!

MARC

LEADER 00000nam a2200000 a 4500
001 UCR0868
003 CL-VaPUC
008 971205e19770000CL |||||||||||||||||spa|d
082 0 4 |a 348.022  |b DEC  |2 21 
245 1 0 |a 1.751 al 1.800. Decretos leyes dictados por la Junta de Gobierno de la República de Chile 
300 |a 186 p 
942 |c BK 
945 |d 19971205 00:00:00  |a lriquelm 
260 |a Santiago  |b Jurídica de Chile  |c 1977 
650 7 |a LEGISLACION  |2 CL-VaPUC  |9 397382 
650 7 |a FUENTES  |2 CL-VaPUC  |9 255666 
650 7 |a DERECHO CHILENO  |2 CL-VaPUC  |9 397383 
650 7 |a DECRETO LEY  |2 CL-VaPUC  |9 382553 
651 7 |a CHILE  |2 CL-VaPUC  |9 397384 
583 |a last modification  |c 19971205 00:00:00  |k Rodrigo Vera 
490 0 |a Textos Legales, 40 
999 |c 264366  |d 264364